European Countries by Population Map Quiz - Statistics

General Stats
  • This quiz has been taken 20 times
  • The average score is 32 of 46
Answers on the Map
Answers color-coded by a green-red scale on the quiz's map according to % correct below.
 
Answer Stats
Answer % Correct
83,783,942
100%
145,934,462
94%
65,273,511
94%
801
88%
17,134,872
82%
37,846,611
82%
43,733,762
82%
46,754,778
82%
60,461,826
82%
10,708,981
76%
11,589,623
76%
19,237,691
76%
68,144,907
76%
6,948,445
76%
9,006,398
76%
9,449,323
76%
9,660,351
76%
10,099,265
71%
1,326,535
71%
2,722,289
71%
2,877,797
71%
3,280,819
71%
341,243
71%
8,654,622
71%
10,196,709
65%
10,423,054
65%
1,886,198
65%
1,935,259
65%
2,078,938
65%
4,033,963
65%
4,105,267
65%
5,421,241
65%
5,459,642
65%
5,540,720
65%
5,841,065
65%
625,978
65%
8,737,371
65%
2,083,374
59%
38,128
59%
441,543
59%
4,937,786
59%
628,066
59%
39,242
53%
33,931
47%
77,265
47%
33,691
41%
No matching quizzes found
Score Distribution
Percent of People with Each Score
Percentile by Number Answered
Your Score History
You have not taken this quiz